000 00866cab a2200229 4500
001 X96783
008 090401t1999 xxu||||| |||| 00| 0 eng d
035 _a(Sirsi) u91446
041 _aeng
245 _aBrewery tie
260 _c1999
350 _a0
490 _aEstates Gazette
_v[1999] egcs 14 (13/02/99)
520 _a"Passmore v Morland plc and others" CA 2 February 1999. Large brewery consortium granting lease of public house containing beer tie - reversion subsequently assigned to regional brewer - plaintiff claiming beer tie invalid - judge striking out plaintiff`s claim. Appeal dismissed. (HEADNOTE FROM JOURNAL)
650 _aBEER TIES
650 _aBREWERIES
650 _aPASSMORE V MORLAND PLC AND OTHERS
650 _aPUBLIC HOUSES
690 _aLANDLORD AND TENANT-CASE LAW-BUSINESS TENANCIES
942 _n0
948 _c18/02/1999
999 _c58055
_d58055